<?xml version="1.0" encoding="UTF-8"?><marc:collection xmlns:marc="http://www.loc.gov/MARC21/slim">
  <marc:record>
    <marc:leader>00000nam  2200000za 4500</marc:leader>
    <marc:controlfield tag="001">9.816817</marc:controlfield>
    <marc:controlfield tag="003">CaOODSP</marc:controlfield>
    <marc:controlfield tag="005">20221107142332</marc:controlfield>
    <marc:controlfield tag="007">cr |||||||||||</marc:controlfield>
    <marc:controlfield tag="008">160504s2016    oncd    ob   f000 0 eng d</marc:controlfield>
    <marc:datafield tag="040" ind1=" " ind2=" ">
      <marc:subfield code="a">CaOODSP</marc:subfield>
      <marc:subfield code="b">eng</marc:subfield>
    </marc:datafield>
    <marc:datafield tag="041" ind1=" " ind2=" ">
      <marc:subfield code="a">eng</marc:subfield>
      <marc:subfield code="b">fre</marc:subfield>
    </marc:datafield>
    <marc:datafield tag="043" ind1=" " ind2=" ">
      <marc:subfield code="a">n-cn---</marc:subfield>
    </marc:datafield>
    <marc:datafield tag="086" ind1="1" ind2=" ">
      <marc:subfield code="a">Fs70-5/2016-027E-PDF</marc:subfield>
    </marc:datafield>
    <marc:datafield tag="100" ind1="1" ind2=" ">
      <marc:subfield code="a">Thornborough, Kate.</marc:subfield>
    </marc:datafield>
    <marc:datafield tag="245" ind1="1" ind2="0">
      <marc:subfield code="a">Development of risk-based indicators for the SGaan Kinghlas-Bowie Seamount Marine Protected Area </marc:subfield>
      <marc:subfield code="h">[electronic resource] / </marc:subfield>
      <marc:subfield code="c">Kate Thornborough, Jason Dunham, and Miriam O.</marc:subfield>
    </marc:datafield>
    <marc:datafield tag="246" ind1="3" ind2="3">
      <marc:subfield code="a">Élaboration d'indicateurs fondés sur les risques pour la zone de protection marine du mont sous-marin Bowie (SGaan Kinghlas)</marc:subfield>
    </marc:datafield>
    <marc:datafield tag="260" ind1=" " ind2=" ">
      <marc:subfield code="a">Ottawa : </marc:subfield>
      <marc:subfield code="b">Fisheries and Oceans Canada, </marc:subfield>
      <marc:subfield code="c">2016.</marc:subfield>
    </marc:datafield>
    <marc:datafield tag="300" ind1=" " ind2=" ">
      <marc:subfield code="a">vii, 121 p. : </marc:subfield>
      <marc:subfield code="b">ill.</marc:subfield>
    </marc:datafield>
    <marc:datafield tag="490" ind1="1" ind2=" ">
      <marc:subfield code="a">Canadian Science Advisory Secretariat research document, </marc:subfield>
      <marc:subfield code="x">1919-5044 ; </marc:subfield>
      <marc:subfield code="v">2016/027, Pacific Region</marc:subfield>
    </marc:datafield>
    <marc:datafield tag="500" ind1=" " ind2=" ">
      <marc:subfield code="a">“April 2016.”</marc:subfield>
    </marc:datafield>
    <marc:datafield tag="504" ind1=" " ind2=" ">
      <marc:subfield code="a">Includes bibliographical references.</marc:subfield>
    </marc:datafield>
    <marc:datafield tag="520" ind1="3" ind2=" ">
      <marc:subfield code="a">Fisheries and Oceans Canada (DFO) Science was asked to recommend scientifically defensible indicators to monitor the achievement of the SGaan Kinghlas-Bowie Seamount Marine Protected Area (SK-B MPA) conservation objective. In response, a framework was developed to select and prioritize ecological risk-based indicators based on the outputs of an ecological risk assessment conducted on the SK-B MPA. Risk-based indicators are a novel approach to selecting indicators to monitor the risk of harm to Significant Ecosystem Components (SECs) from anthropogenic activities and associated stressors. Measures of abundance were commonly proposed across all indicator suites, highlighting the need to establish baselines of information as a priority. Both current snapshot and potential stressor indicator suites should be considered when developing monitoring strategies and plans, using a combination of SEC, stressor, and SEC-stressor interaction indicators. Due to the remote access and associated cost of monitoring indicators at the SK-B MPA, many of the suggested indicators may be measured using visual surveys and, due to the overlapping distribution of several SECs, multiple indicators may be measured or sampled during the same operations period. As data are collected through the monitoring of indicators, this information may be fed back into the adaptive management framework for future iterations of risk assessments, evaluation of selected indicators, selection of new indicators, and the refinement of monitoring plans.</marc:subfield>
    </marc:datafield>
    <marc:datafield tag="692" ind1="0" ind2="7">
      <marc:subfield code="2">gccst</marc:subfield>
      <marc:subfield code="a">Marine conservation areas</marc:subfield>
    </marc:datafield>
    <marc:datafield tag="692" ind1="0" ind2="7">
      <marc:subfield code="2">gccst</marc:subfield>
      <marc:subfield code="a">Risk management</marc:subfield>
    </marc:datafield>
    <marc:datafield tag="692" ind1="0" ind2="7">
      <marc:subfield code="2">gccst</marc:subfield>
      <marc:subfield code="a">Environmental indicators</marc:subfield>
    </marc:datafield>
    <marc:datafield tag="700" ind1="1" ind2=" ">
      <marc:subfield code="a">Dunham, J. S.</marc:subfield>
    </marc:datafield>
    <marc:datafield tag="700" ind1="1" ind2=" ">
      <marc:subfield code="a">O, Miriam,</marc:subfield>
      <marc:subfield code="d">1974-</marc:subfield>
    </marc:datafield>
    <marc:datafield tag="710" ind1="1" ind2=" ">
      <marc:subfield code="a">Canada. </marc:subfield>
      <marc:subfield code="b">Department of Fisheries and Oceans.</marc:subfield>
    </marc:datafield>
    <marc:datafield tag="710" ind1="2" ind2=" ">
      <marc:subfield code="a">Canadian Science Advisory Secretariat.</marc:subfield>
    </marc:datafield>
    <marc:datafield tag="830" ind1="#" ind2="0">
      <marc:subfield code="a">Research document (Canadian Science Advisory Secretariat)</marc:subfield>
      <marc:subfield code="x">1919-5044 ; </marc:subfield>
      <marc:subfield code="v">2016/027, Pacific Region</marc:subfield>
      <marc:subfield code="w">(CaOODSP)9.507396</marc:subfield>
    </marc:datafield>
    <marc:datafield tag="856" ind1="4" ind2="0">
      <marc:subfield code="q">PDF</marc:subfield>
      <marc:subfield code="s">1.13 MB</marc:subfield>
      <marc:subfield code="u">https://publications.gc.ca/collections/collection_2016/mpo-dfo/Fs70-5-2016-027-eng.pdf</marc:subfield>
    </marc:datafield>
  </marc:record>
</marc:collection>
